000 00739nam a2200241Ia 4500
005 20250508165435.0
008 008 250505s9999 xx 000 0 eng d
020 _a978-0-415-51652-5
037 _aTextBook
040 _aFEDL
_beng
_cFEDL
041 _aeng
_2eng
084 _a371.334, LEAR
_qFEDL
100 _aLeask Marilyn
245 0 _aLearning to teach using ICT in the secondary school: A companion to school experience
250 _a3
260 _aLondon, UK
_bRoutledge
_c2014
300 _axx, 260p.
365 _aGBP
_b24.99
490 _aLearning to Teach Subjects in the Secondary School Series
700 _a Pachler Norbert
_9780854
942 _cTB
_h371.334, LEAR
999 _c1395102
_d1395102